000 00480nam a2200193Ia 4500
003 GCL
008 140319s9999 xx 000 0 eng d
040 _aGCL /
_cGCL
082 0 4 _a759.44
_bA O
100 1 _aACKERMAN, GERALD
245 1 0 _aLES ORIENTALISTES DE L'ECOLE BRITANNIQUE /
_cACKERMAN, GERALD
260 _a[S.N] :
_bACR EDITION ،
_c1991
300 _a236 P
650 0 4 _aDRAWING
650 0 4 _aARTS
650 0 4 _aPAINTING
650 0 4 _aPAINTERS
942 _2ddc
_cBK
999 _c15831
_d15831